Physics classical and modern /

Gespeichert in:
Bibliographische Detailangaben
Hauptverfasser: Gettys, W.Edward (Verfasst von), Keller, Frederick J (Verfasst von), Skove, Malcolm J (Verfasst von)
Format: Buch
Sprache:Englisch
Veröffentlicht: New York : McGraw-Hill, 1989
Ausgabe:1.vyd.
Schlagworte:
Tags: Tag hinzufügen
Keine Tags, Fügen Sie das erste Tag hinzu!

MARC

LEADER 00000nam a22000003a 4500
001 stu5035
005 20150617225811.9
008 931220s1989----xxu-----------------eng-d
020 |a 0-07-033523-0 
040 |a STU  |b slo 
041 0 |a eng 
044 |a xxu 
080 |a 53  |7 stu_us_auth*stu7966 
100 1 |a Gettys, W.Edward  |4 aut 
245 1 |a Physics classical and modern /  |c [aut.] Gettys,W.Edward; Keller,Frederick J.; Skove,Malcolm J 
250 |a 1.vyd. 
260 |a New York :  |b McGraw-Hill,  |c 1989 
300 |a 1093 s 
650 7 |a fyzika  |2 stusub 
700 1 |a Keller, Frederick J  |4 aut 
700 1 |a Skove, Malcolm J  |4 aut 
996 |b 284EK07565  |c E*78539  |l EE01  |s A  |a 24  |w stu5035_0002